00311nam a2200109Ia 4500008004100000020001800041040002900059050002400088100002200112245003600134260003100170221221s9999 xx 000 0 und d a0-07-301837-6 cChuka University Library aHF 5686 bM34 2006  aMaher, Michael W. 0aFundamentals of cost accounting aMcgraw hill bBostonc2006